COCKTAILS (Record no. 8118)
[ view plain ]
| 000 -LEADER | |
|---|---|
| fixed length control field | 00324nam a22001457a 4500 |
| 020 ## - INTERNATIONAL STANDARD BOOK NUMBER | |
| International Standard Book Number | 13-978-1-84681-426-4 |
| 082 ## - DEWEY DECIMAL CLASSIFICATION NUMBER | |
| Classification number | 641.6 |
| Item number | STU |
| 100 ## - MAIN ENTRY--PERSONAL NAME | |
| Personal name | STUART, WALTON |
| 245 ## - TITLE STATEMENT | |
| Title | COCKTAILS |
| 260 ## - PUBLICATION, DISTRIBUTION, ETC. (IMPRINT) | |
| Place of publication, distribution, etc | LONDON |
| Name of publisher, distributor, etc | ANNESS PUBLISHER |
| Year of Publication | 2010 |
| 300 ## - PAGE DESCRIPTION | |
| No. of Pages | 224 |
| 650 ## - SUBJECT ADDED ENTRY--TOPICAL TERM | |
| Topical term or geographic name as entry element | HOTEL MANAGEMENT |
| 653 ## - KEYWORDS--INDEX TERM | |
| Keyword term | COCKTAILS |
| 942 ## - ADDED ENTRY ELEMENTS (KOHA) | |
| Source of classification or shelving scheme | Dewey Decimal Classification |
| Koha item type | Books |
| Withdrawn status | Lost status | Source of classification or shelving scheme | Damaged status | Not for loan | Collection code | Home library | Current library | Shelving location | Date acquired | Vendor Name | Cost, normal purchase price | SGTU | Bill Number | Full call number | Accession No. (Barcode) | Date last seen | Bill Date | Koha item type |
|---|---|---|---|---|---|---|---|---|---|---|---|---|---|---|---|---|---|---|
| Dewey Decimal Classification | Not For Loan | HOTEL MANAGEMENT | SGT Science & Social Sciences Library | SGT Science & Social Sciences Library | Reference Book | 13/10/2015 | JINDAL BOOK SERVICE | 1295.00 | SGTU | 1775 | 641.6 STU | HM652 | 13/10/2015 | Books |